Every University/College in Delaware County PA - Statistics

General Stats
  • This quiz has been taken 18 times
  • The average score is 5 of 16
Answer Stats
Location School % Correct
Swarthmore Swarthmore College
75%
Radnor Villanova University
75%
Chester Widener University
69%
Marple Delaware County Community College(Marple Campus)
63%
Haverford Haverford College
56%
Aston Neumann University
56%
Middletown Penn State Brandywine
38%
Radnor Cabrini University
31%
Radnor Eastern University
31%
Middletown Williamson College of the Trades
13%
Upper Providence Pennsylvania Institute of Technology
6%
Springfield Strayer University
6%
Radnor Valley Forge Military Academy and College
6%
Tinicum All-State Career School
0%
Marple Brightwood College
0%
Radnor Saint Charles Borromeo Seminary
0%
No matching quizzes found
Score Distribution
Percent of People with Each Score
Percentile by Number Answered
Your Score History
You have not taken this quiz